| 000 | 01118nam2a2200265 4500 | ||
|---|---|---|---|
| 001 | RU\NLR\bibl\1483158 | ||
| 005 | 20260406072637.0 | ||
| 010 |
_a978-5-699-38814-1 _95000 |
||
| 021 |
_aRU _b2009-108140 _974д/2010 |
||
| 035 | _a(NLR Aleph) 001474786 | ||
| 090 |
_a1666274 _c1666274 |
||
| 100 | _a20100310d2009 |||y0rusy50 ca | ||
| 101 | 0 | _arus | |
| 102 | _aRU | ||
| 105 | _ay ||||||||| | ||
| 200 | 1 |
_aНаследница тьмы _aДень вечного кошмара _aЛорд Черного замка _e[повести _fЕкатерина Неволина] |
|
| 210 |
_d2009 _aБ. м. |
||
| 215 | _a345, [2] с. | ||
| 461 | 0 |
_1001RU\NLR\bibl\1283621 _12001#$aБольшая книга ужасов$v19 _9429177 _cМосква _d2008 _nЭксмо _o[для среднего школьного возраста] _tБольшая книга ужасов _v19 |
|
| 701 | 1 |
_4070 _8rus _7ca _aНеволина _bЕ. А. _f1974- _gЕкатерина Александровна _3RU\NLR\auth\7730392 _913412 |
|
| 801 | 0 |
_aRU _bNLR _c20100310 _gRCR |
|
| 801 | 1 |
_aRU _bNLR _c20100310 |
|
| 942 | _cBOOK | ||
| 980 | _aNB | ||